La Transformation du chemin de fer funiculaire : Lugano, San Salvatore / par Fr. Hunziker Lugano, San Salvatore / par Fr. Hunziker
Descripción Física:
8 p. : il. ; 32 cm
Materias:
Funiculars
MARC
| LEADER | 00000nam a2200000Ia 4500 | ||
|---|---|---|---|
| 001 | 23545 | ||
| 008 | 160829s9999 xx 000 0 cat d | ||
| 080 | |a RF-17-25 | ||
| 100 | |a Hunziker, Fr. |9 48944 | ||
| 245 | |a La Transformation du chemin de fer funiculaire : |b Lugano, San Salvatore / par Fr. Hunziker | ||
| 260 | |a Paris : |b Soc. Gén. d'Imprimerie et d'Édition, [1926] | ||
| 300 | |a 8 p. : |b il. ; |c 32 cm | ||
| 590 | |a Separata de: Les Chemins de fer et les tramsways, décembre 1927. | ||
| 590 | |a Prové de OPP-1714 | ||
| 650 | |a Funiculars |9 47780 | ||
| 856 | 4 | |u https://media.diba.cat/diba/fitxers/arxiu/fulletons/bib_23545_1926_baixa.pdf |y Accés lliure | |
| 856 | 4 | |u https://media.diba.cat/diba/fitxers/arxiu/fulletons/bib_23545_1926_baixa.pdf |y Accés lliure | |
| 901 | |a Arxiu | ||
| 942 | |n 1 |2 udc | ||
| 952 | |0 0 |1 0 |4 0 |6 RF1725 |7 1 |9 54990 |a Arxiu |b Arxiu |d 2012-08-07 |l 0 |o RF-17-25 |p 23545 |r 2016-12-01 00:00:00 |w 2016-12-01 |y ARXIU | ||
| 999 | |c 58860 |d 58860 | ||
| 900 | |a bib_23545_1926_baixa.pdf | ||